000 00326nam a2200133Ia 4500
008 191201s2008 xx 000 0 und d
082 _a658.404
_bJOT
100 _aJOY, P.K.
245 0 _aTotal Project Management The Indian Context
260 _aN.Delhi
_bMacmillan
_c2008
300 _a600
650 _aMBA
942 _2ddc
_cBK
999 _c3940
_d3940